000 00745nam a2200193 a 4500
001 000028110
005 20210705100942.0
008 110406s1999 dr 000 0 spa d
020 _a9993425001
040 _aDO-SdBNP
_bspa
_cBNPHU
082 _axxx
_bS211m
100 1 _aSánchez Maríñez, Julio
_91591
245 1 0 _aMicro, pequeña y mediana empresa. Estudios de casos de éxito :
_bRattan Dominicana /
_cJulio Sánchez Maríñez.
260 _aSanto Domingo :
_bCentro de Apoyo a la Micro, Pequeña y Mediana Empresa :
_bInstituto Tecnológico de Santo Domingo,
_c1999.
300 _axv, 41 p. ;
_c25 cm.
490 1 _aCAMPE de investigaciones
_vv. 1
710 2 _aRattan Dominicana
_955118
830 0 _aCAMPE de investigaciones
_nno. 1
_955119
999 _c27602
_d27602